00939njm a2200253Ia 4500001000600000003000900006005001700015008004100032040001300073040001300086100002000099100001800119100003800137245002600175250001100201260001600212260005200228300001700280300003000297500002200327505021900349511006000568650005700628B5060IT-RoPAU20220918181206.0131025s9999 xx 000 0 und d aIT-RoPAU cIT-RoPAU aKmoch Frantisek eAutore musica gCodice autore musica SPICS: 25294 aZa Sokolskym Praporem a1a ed. aCZECHOSLOVA bGRAMOFONOVE ZAVODY LODENICEc1990 [1a Ed.:1990] aCOMPACT DISC c36 minuti (Testo: 0 pag.) aMusica sinfonica. aZa Sokolskym Praporem - Ceska Muzika - Hoj, Marenko - Muj Konicek - Andulko Safarova - Jarabacek - Lvi Silou - Hoj, Vzhuru, Pestry Sokole - Pode Mlejnem - Koline, Koline - Jara Mladi - Muziky, Mukiky - Sokolsky Den aVaclav Hybs Orchestra and Chorus diretti da Hybs Vaclav aSINFONICA [COMPACT DISC]eCodice MATERIA SPICS: 9949